[Event "AUTO-MASTER-3041"]
[Site "http://www.queenalice.com/game.php?id=1650110"]
[Date "2021.4.19"]
[Round "1"]
[White "paloberto"]
[Black "Alexandrovinsk"]
[Result "1-0"]
[WhiteElo "2109"]
[BlackElo "2114"]

1. d4 d5 2. c4 c6 3. Nc3 Nf6 4. cxd5 cxd5 5. Bg5 e6 6. e3 Be7 7. Nf3 Nc6 8. Bd3
O-O 9. O-O h6 10. Bh4 a6 11. Re1 Re8 12. a3 Qc7 13. Rc1 b5 14. Nxb5 axb5 15. Ne5
Bb7 16. Bxb5 Bd6 17. Bxc6 Bxe5 18. Bxe8 1-0

[Event "AUTO-MASTER-3041"]
[Site "http://www.queenalice.com/game.php?id=1650125"]
[Date "2021.4.19"]
[Round "1"]
[White "giobonatto"]
[Black "paloberto"]
[Result "0-1"]
[WhiteElo "2115"]
[BlackElo "2094"]

1. d4 Nf6 2. Nc3 e6 3. e4 d5 4. g4 Nxe4 5. Nxe4 dxe4 6. f3 Qh4+ 7. Ke2 e5 8.
dxe5 exf3+ 9. Nxf3 Bxg4 10. Bg2 Nc6 11. h3 Bh5 12. Qe1 Bxf3+ 13. Bxf3 Nd4+ 14.
Kd3 Qxe1 15. Bc6+ Nxc6 16. Rxe1 Rd8+ 17. Ke4 Nd4 18. Rd1 Nxc2 19. Rxd8+ Kxd8 20.
Bg5+ Be7 21. Bxe7+ Kxe7 22. Rc1 Nb4 23. Rxc7+ Ke6 24. Rxb7 Nxa2 25. Rxa7 Nb4 26.
Rb7 Nc6 27. Rb6 Rc8 28. b4 Kd7 29. b5 Nd8 30. Rd6+ Ke7 31. Rd4 Rb8 32. Rb4 Nc6
33. Rb1 Ke6 34. Rb3 Nxe5 35. Kd4 f6 36. Kc5 Kd7 37. b6 Rb7 38. Kb5 Kc8 39. Rc3+
Kb8 40. h4 Nd7 41. Rc6 f5 42. Rc4 Rxb6+ 0-1

[Event "AUTO-MASTER-3041"]
[Site "http://www.queenalice.com/game.php?id=1650126"]
[Date "2021.4.19"]
[Round "1"]
[White "paloberto"]
[Black "giobonatto"]
[Result "0-1"]
[WhiteElo "2108"]
[BlackElo "2105"]

1. d4 Nf6 2. c4 g6 3. Nc3 Bg7 4. Nf3 O-O 5. e4 d6 6. Be2 e5 7. d5 h6 8. O-O Nh7
9. h3 Nd7 10. b4 f5 11. exf5 gxf5 12. Bb2 Rf7 13. Re1 a5 14. a3 Ng5 15. Nd2 e4
16. Nb3 Be5 17. Kh1 Rg7 18. Qd2 Nxh3 19. gxh3 Qh4 20. Bf1 Bf4 21. Qc2 Ne5 22.
Bg2 Nf3 23. Ne2 Be5 24. Bxe5 dxe5 25. Ng3 f4 26. Qxe4 Bxh3 27. Bxf3 Bg4+ 28. Kg1
Bxf3 29. Qxf3 fxg3 30. Re4 gxf2+ 31. Kf1 Rg1+ 32. Ke2 Re1+ 33. Kd3 f1=Q+ 34.
Qxf1 Qxe4+ 0-1

[Event "AUTO-MASTER-3041"]
[Site "http://www.queenalice.com/game.php?id=1650137"]
[Date "2021.4.19"]
[Round "1"]
[White "paloberto"]
[Black "Esvir"]
[Result "1-0"]
[WhiteElo "2130"]
[BlackElo "2000"]

1. d4 d5 2. c4 Nf6 3. Nc3 c5 4. cxd5 Nxd5 5. e4 Nxc3 6. bxc3 e6 7. Nf3 h6 8. Rb1
a6 9. Bd3 b5 10. O-O c4 11. Bc2 Be7 12. Re1 O-O 13. a4 Bd7 14. Ne5 bxa4 15. Qg4
g5 16. Nxc4 e5 17. Qh5 Kh7 18. Nxe5 Be8 19. Qf3 Nd7 20. Nc6 Qc7 21. e5+ Kg7 22.
Nxe7 Rd8 23. Rb7 Qc4 24. Rxd7 1-0

[Event "AUTO-MASTER-3041"]
[Site "http://www.queenalice.com/game.php?id=1650138"]
[Date "2021.4.19"]
[Round "1"]
[White "Esvir"]
[Black "paloberto"]
[Result "0-1"]
[WhiteElo "2007"]
[BlackElo "2121"]

1. c4 Nf6 2. Nc3 e6 3. a3 d5 4. cxd5 exd5 5. d4 Bd6 6. Nf3 c6 7. e3 O-O 8. Be2
Re8 9. O-O Bf5 10. Nh4 Bc8 11. b4 Ne4 12. Nxe4 Bxh2+ 13. Kxh2 Qxh4+ 14. Kg1 Rxe4
15. g3 Qg5 16. Kg2 h6 17. f4 Qg6 18. Bd3 Bg4 19. Qe1 Bf5 20. Bxe4 Bxe4+ 21. Kf2
Qh5 22. Qe2 Qh2+ 23. Ke1 Qxg3+ 24. Qf2 Qxf2+ 25. Rxf2 Nd7 26. a4 Nb6 27. Ke2 Nc4
28. b5 cxb5 29. axb5 a5 30. Bd2 b6 31. Bc3 Rc8 32. Rh2 Nd6 33. Be1 Rc2+ 34. Bd2
Nxb5 0-1

[Event "AUTO-MASTER-3009"]
[Site "http://www.queenalice.com/game.php?id=1660532"]
[Date "2021.4.23"]
[Round "2"]
[White "paloberto"]
[Black "filou"]
[Result "1-0"]
[WhiteElo "2151"]
[BlackElo "2325"]

1. d4 d5 2. c4 e6 3. Nc3 Nf6 4. Nf3 c5 5. e3 Nc6 6. Be2 dxc4 7. Bxc4 a6 8. O-O
b5 9. Bd3 cxd4 10. exd4 Bd6 11. Re1 O-O 12. Bg5 Rb8 13. d5 Nb4 14. Bxf6 Qxf6 15.
dxe6 Bxe6 16. Bxh7+ Kxh7 17. Qxd6 Nc2 18. Ne4 Qd8 19. Qxa6 Kg8 20. Red1 Qe7 21.
Rac1 Nb4 22. Qa3 Ra8 23. Qe3 Nd5 24. Qc5 Qxc5 25. Rxc5 Rxa2 26. Rxb5 Ne7 27.
Nfg5 Bc4 28. Rb7 Nf5 29. h3 f6 30. Nf3 Ba6 31. Ra7 Be2 32. Rxa2 Bxd1 33. Nfd2
Rb8 34. Nc5 Bh5 35. b3 Bf7 36. Rb2 Ne7 37. Nde4 Rb4 38. f3 Nc6 39. Nd6 Bd5 40.
Nf5 Kf7 41. Ne3 1-0

[Event "AUTO-MASTER-3009"]
[Site "http://www.queenalice.com/game.php?id=1660533"]
[Date "2021.4.23"]
[Round "2"]
[White "filou"]
[Black "paloberto"]
[Result "1-0"]
[WhiteElo "2311"]
[BlackElo "2175"]

1. d4 Nf6 2. c4 e6 3. Nc3 d5 4. Nf3 Nc6 5. a3 Be7 6. e3 b6 7. cxd5 exd5 8. Bd3
O-O 9. O-O a6 10. e4 dxe4 11. Nxe4 Nxd4 12. Nxd4 Qxd4 13. Qc2 Ng4 14. Qxc7 Qxd3
15. Qxe7 Be6 16. Re1 Rfe8 17. Qb4 Bc4 18. Ng3 Qd4 19. Qd2 Nf6 20. Rd1 Rad8 21.
Qxd4 Rxd4 22. Bg5 Rxd1+ 23. Rxd1 Nd5 24. h4 h6 25. Bd2 Kh7 26. f3 Bb3 27. Rc1 a5
28. Kf2 a4 29. Ne4 h5 30. Nd6 Re7 31. Nf5 Rd7 32. Ng3 g6 33. Ne4 f5 34. Ng5+ Kg7
35. Rc6 b5 36. Ne6+ Kf7 37. Ba5 Ne7 38. Ng5+ Kg7 39. Bc3+ Kg8 40. Rb6 1-0

[Event "Challenge"]
[Site "http://www.queenalice.com/game.php?id=1764939"]
[Date "2021.7.21"]
[Round "-"]
[White "gomague"]
[Black "paloberto"]
[Result "1/2-1/2"]
[WhiteElo "1745"]
[BlackElo "2162"]

1. e4 c5 2. Nf3 Nc6 3. Nc3 d6 4. d4 cxd4 5. Nxd4 e5 6. Nf3 Nf6 7. Bg5 Be7 8. Bb5
O-O 9. O-O a6 10. Bxc6 bxc6 11. Re1 h6 12. Bxf6 Bxf6 13. h3 Be6 14. Qe2 d5 15.
exd5 cxd5 16. Nxe5 Qc7 17. Rad1 Rfd8 18. Rd4 Rab8 19. Nd1 Re8 20. f4 Rb5 21. Nc3
Rc5 22. Qxa6 Rxc3 23. bxc3 Qxc3 24. Rdd1 Bh4 25. Rf1 Qg3 26. Rf3 Qxf3 27. Nxf3
Bg3 28. a4 Bxf4 29. Nd4 Bd7 30. a5 Rb8 31. Qa7 Rd8 32. Qb7 Bc8 33. Qb1 Bd7 34.
a6 Rb8 35. Qxb8+ Bxb8 36. Rb1 Ba7 37. c3 Bc8 38. Ra1 Kf8 39. Kf1 Bd7 40. Ra5 Bc8
41. Nc6 Bb6 42. Ra1 Bd7 43. a7 Bxc6 44. a8=Q+ Bxa8 45. Rxa8+ Ke7 46. Ra6 Bc5 47.
Ke2 Bd6 48. Kd3 Ke6 49. Kd4 f6 50. g4 g5 51. Ra5 Be5+ 52. Kd3 Bd6 53. Ra8 Kf7
54. Rh8 Bf8 55. Rxf8+ Kxf8 56. Kd4 Kf7 57. Kxd5 Ke7 58. Kc6 Ke6 59. c4 f5 60.
gxf5+ Kxf5 61. Kd6 h5 62. c5 g4 63. hxg4+ hxg4 64. c6 g3 65. c7 g2 66. c8=Q+ Kf4
67. Qc1+ Kg3 68. Qg1 Kh3 1/2-1/2

[Event "Challenge"]
[Site "http://www.queenalice.com/game.php?id=1764940"]
[Date "2021.7.21"]
[Round "-"]
[White "paloberto"]
[Black "gomague"]
[Result "1-0"]
[WhiteElo "2161"]
[BlackElo "1668"]

1. d4 d5 2. c4 dxc4 3. e4 e5 4. Nf3 exd4 5. Nxd4 Bc5 6. Be3 Nc6 7. Nxc6 Qxd1+ 8.
Kxd1 Bxe3 9. fxe3 bxc6 10. Bxc4 Bg4+ 11. Kc2 Nf6 12. Rf1 O-O 13. h3 Bd7 14. Nc3
Rae8 15. Rad1 Bc8 16. b4 Nxe4 17. Nxe4 Rxe4 18. Bxf7+ Kh8 19. Be6 Re8 20. Bf7
Rxe3 21. Bxe8 Rxe8 22. Rf7 Be6 23. Rxc7 a6 24. a3 h6 25. Rxc6 Bf5+ 26. Kc3 Re3+
27. Kb2 Re2+ 28. Kb3 Rxg2 29. Rc3 Be6+ 30. Ka4 Bf5 31. Rd5 Bg6 32. Rd6 Be8+ 33.
Ka5 Bb5 34. Rxa6 Bxa6 35. Kxa6 g5 36. b5 g4 37. hxg4 Rxg4 38. b6 Rg6 39. Ka7 1-0

[Event "Challenge"]
[Site "http://www.queenalice.com/game.php?id=1765063"]
[Date "2021.7.22"]
[Round "-"]
[White "jpribeiro"]
[Black "paloberto"]
[Result "0-1"]
[WhiteElo "1863"]
[BlackElo "2158"]

1. e4 c5 2. Nf3 Nc6 3. d4 cxd4 4. Nxd4 e5 5. Nb3 Nf6 6. Nc3 Bb4 7. f3 Bxc3+ 8.
bxc3 d6 9. Bc4 O-O 10. O-O Re8 11. Bb5 a6 12. Bxc6 bxc6 13. c4 Be6 14. Qd3 d5
15. cxd5 cxd5 16. Nc5 Qb6 17. Be3 d4 18. Nxe6 dxe3 19. Qb3 Qxb3 0-1

[Event "Challenge"]
[Site "http://www.queenalice.com/game.php?id=1765064"]
[Date "2021.7.22"]
[Round "-"]
[White "paloberto"]
[Black "jpribeiro"]
[Result "1-0"]
[WhiteElo "2167"]
[BlackElo "1813"]

1. d4 Nf6 2. c4 g6 3. Nc3 d5 4. cxd5 Nxd5 5. e4 Nxc3 6. bxc3 Bg7 7. Nf3 O-O 8.
Be2 c5 9. O-O cxd4 10. cxd4 e5 11. d5 Re8 12. Bb5 Bd7 13. Qb3 Bxb5 14. Qxb5 Qd7
15. Rb1 Qxb5 16. Rxb5 b6 17. Rd1 Rd8 18. Ba3 Bf8 19. Bxf8 Kxf8 20. Nxe5 f6 21.
Ng4 Rd6 22. Rc1 Nd7 23. Rc7 Ke7 24. f4 Kd8 25. Rc3 Nc5 26. Rb4 Rc8 27. Nh6 Ke7
28. g4 Kf8 29. h4 Kg7 30. g5 Re8 31. Re3 fxg5 32. hxg5 Rd7 33. Kg2 Na6 34. Rc4
Nc5 35. Kf3 Rf8 36. Ng4 Rd6 37. Ne5 1-0

[Event "Challenge"]
[Site "http://www.queenalice.com/game.php?id=1765073"]
[Date "2021.7.22"]
[Round "-"]
[White "jpribeiro"]
[Black "paloberto"]
[Result "0-1"]
[WhiteElo "1862"]
[BlackElo "2147"]

1. e4 c5 2. Nf3 Nc6 3. c3 e5 4. d4 cxd4 5. cxd4 exd4 6. Nxd4 Nf6 7. Nc3 Bb4 8.
f3 O-O 9. Nxc6 bxc6 10. Bd2 Re8 11. a3 Bc5 12. b4 Bb6 13. Na4 Nxe4 14. fxe4
Rxe4+ 15. Be2 Ba6 16. Nxb6 Rxe2+ 0-1

[Event "Challenge"]
[Site "http://www.queenalice.com/game.php?id=1766444"]
[Date "2021.8.8"]
[Round "-"]
[White "Richardlim"]
[Black "paloberto"]
[Result "1-0"]
[WhiteElo "1903"]
[BlackElo "2052"]

1. c4 Nf6 2. d4 e6 3. Nc3 Bb4 4. Bd2 d5 5. cxd5 exd5 6. Nf3 Nc6 7. g3 Bg4 8. Bg2
O-O 9. O-O Re8 10. Bf4 Qe7 11. a3 Bxc3 12. bxc3 Qxe2 13. Qxe2 Rxe2 14. Bxc7 Rae8
15. Ne5 Bf5 16. Nxc6 bxc6 17. Bd6 Rc2 18. Bb4 Ree2 19. a4 Ng4 20. Bf3 1-0

[Event "Challenge"]
[Site "http://www.queenalice.com/game.php?id=1766445"]
[Date "2021.8.8"]
[Round "-"]
[White "paloberto"]
[Black "Richardlim"]
[Result "0-1"]
[WhiteElo "2030"]
[BlackElo "1925"]

1. d4 Nf6 2. c4 g6 3. Nc3 Bg7 4. e4 d6 5. Nf3 Bg4 6. Be2 O-O 7. O-O c6 8. d5 c5
9. h3 Bd7 10. Qb3 b6 11. Re1 e5 12. Bg5 Bc8 13. a4 h6 14. Bh4 g5 15. Bg3 g4 16.
hxg4 Bxg4 17. Nb5 Nxe4 0-1

[Event "AUTO-MASTER-3041"]
[Site "http://www.queenalice.com/game.php?id=1766459"]
[Date "2021.8.8"]
[Round "2"]
[White "paloberto"]
[Black "giobonatto"]
[Result "0-1"]
[WhiteElo "2077"]
[BlackElo "2162"]

1. d4 Nf6 2. c4 c6 3. Nc3 d5 4. Nf3 e6 5. Bg5 h6 6. Bxf6 Qxf6 7. e3 Nd7 8. cxd5
exd5 9. Bd3 Bd6 10. O-O O-O 11. Re1 Qd8 12. Rc1 a5 13. e4 Bf4 14. Rb1 dxe4 15.
Nxe4 Rb8 16. g3 Bc7 17. Bc2 Nf6 18. Nxf6+ Qxf6 19. Qd3 g6 20. Ne5 Bh3 21. Qe3 h5
22. g4 hxg4 23. Nd7 Qd6 24. Ne5 Kg7 25. Qg5 Qd5 26. Re4 Bd8 27. Qe3 a4 28. Bxa4
Bg5 29. f4 gxf3 30. Qxf3 f5 0-1

[Event "AUTO-MASTER-3041"]
[Site "http://www.queenalice.com/game.php?id=1766460"]
[Date "2021.8.8"]
[Round "2"]
[White "giobonatto"]
[Black "paloberto"]
[Result "1-0"]
[WhiteElo "2171"]
[BlackElo "2064"]

1. d4 Nf6 2. Nf3 e6 3. e3 Bb4+ 4. c3 Be7 5. Nbd2 d5 6. Bd3 Nc6 7. O-O O-O 8. Re1
Nb8 9. e4 dxe4 10. Nxe4 Nc6 11. b4 a6 12. a3 b5 13. a4 Bb7 14. Qc2 h6 15. Bf4
Nd5 16. axb5 axb5 17. Bd2 Qd7 18. Rxa8 Rxa8 19. Ng3 Bd6 20. Ne4 Be7 21. Qc1 g6
22. Bxh6 f5 23. Nc5 Bxc5 24. Qg5 Qh7 25. bxc5 Nxc3 26. Rxe6 Ra1+ 27. Bf1 1-0

[Event "AUTO-MASTER-3041"]
[Site "http://www.queenalice.com/game.php?id=1766461"]
[Date "2021.8.8"]
[Round "2"]
[White "paloberto"]
[Black "tarasch"]
[Result "0-1"]
[WhiteElo "2104"]
[BlackElo "2124"]

1. d4 Nf6 2. c4 e6 3. Nc3 Bb4 4. Nf3 O-O 5. Qc2 c5 6. e3 d5 7. a3 cxd4 8. exd4
Bxc3+ 9. bxc3 dxc4 10. Bxc4 Qc7 11. Bd3 b6 12. O-O Bb7 13. Ne5 h6 14. Bf4 Qe7
15. Qe2 Nbd7 16. Rfe1 Nxe5 17. Bxe5 Rac8 18. c4 Rfd8 19. Qb2 Ng4 20. Bf4 Qf6 21.
f3 Qxf4 0-1

[Event "AUTO-MASTER-3041"]
[Site "http://www.queenalice.com/game.php?id=1766462"]
[Date "2021.8.8"]
[Round "2"]
[White "tarasch"]
[Black "paloberto"]
[Result "1-0"]
[WhiteElo "2135"]
[BlackElo "2091"]

1. d4 Nf6 2. c4 e6 3. Nc3 Bb4 4. e3 d5 5. Bd3 Nc6 6. Ne2 O-O 7. O-O dxc4 8. Bxc4
e5 9. dxe5 Nxe5 10. Bb3 c6 11. a3 Ba5 12. Qc2 Qe7 13. Bd2 Rd8 14. Rad1 Nd3 15.
Nd4 Nc5 16. Ba2 Bg4 17. Rc1 Nce4 18. Nxe4 Nxe4 19. Bxa5 Rd6 20. Bb4 c5 21. Bxc5
1-0

[Event "AUTO-MASTER-3041"]
[Site "http://www.queenalice.com/game.php?id=1766463"]
[Date "2021.8.8"]
[Round "2"]
[White "paloberto"]
[Black "Rutty"]
[Result "0-1"]
[WhiteElo "2155"]
[BlackElo "2062"]

1. d4 d5 2. c4 c6 3. Nc3 Nf6 4. Nf3 Bg4 5. e3 g6 6. Be2 Bg7 7. O-O O-O 8. b3
Bxf3 9. Bxf3 Nbd7 10. cxd5 cxd5 11. Nxd5 Rb8 12. Nxf6+ Bxf6 13. Bb2 Nb6 14. Rc1
e6 15. Qd2 Qd7 16. Rc2 Rfc8 17. Rfc1 Rxc2 18. Rxc2 Rc8 19. Rxc8+ Qxc8 20. e4 Qd7
21. a4 Qc7 22. e5 Bg7 23. Ba3 f5 24. Bd6 Qc8 25. Bc5 Qc7 26. a5 Nc8 27. g3 b6
28. axb6 axb6 29. Bb4 Ne7 30. Bd6 Qd7 31. Qb4 Nc8 32. h4 Nxd6 0-1

[Event "AUTO-MASTER-3041"]
[Site "http://www.queenalice.com/game.php?id=1766464"]
[Date "2021.8.8"]
[Round "2"]
[White "Rutty"]
[Black "paloberto"]
[Result "1-0"]
[WhiteElo "2087"]
[BlackElo "2169"]

1. e4 c5 2. Nf3 Nc6 3. Bc4 e6 4. O-O Bd6 5. d4 cxd4 6. Nxd4 Nxd4 7. Qxd4 Qc7 8.
h3 Nf6 9. Nc3 a6 10. Bb3 b5 11. Bg5 Bh2+ 12. Kh1 Be5 13. Qe3 Bb7 14. Bxf6 Bxf6
15. Rab1 O-O 16. Ne2 Rfe8 17. c3 Rac8 18. f4 d6 19. Nd4 e5 20. Nf5 g6 21. Nh6+
Kg7 22. Nxf7 Re7 23. fxe5 dxe5 24. Qh6+ Kg8 25. Rxf6 1-0

[Event "Challenge"]
[Site "http://www.queenalice.com/game.php?id=1766638"]
[Date "2021.8.10"]
[Round "-"]
[White "jpribeiro"]
[Black "paloberto"]
[Result "0-1"]
[WhiteElo "1850"]
[BlackElo "2168"]

1. e4 c5 2. Nf3 Nc6 3. d4 cxd4 4. Nxd4 e5 5. Nf3 Bb4+ 6. c3 Bc5 7. b4 Bb6 8. b5
Nb8 9. a4 Nf6 10. Nxe5 Nxe4 11. Qd5 O-O 12. Qxe4 Re8 13. Bc4 Qf6 14. O-O Rxe5
15. Qg4 h5 16. Qg3 d5 17. Bd3 h4 18. Qf4 Bf5 19. Bxf5 Rxf5 20. Qd2 Nd7 21. Bb2
Ne5 22. Na3 Rd8 23. Nc2 h3 24. a5 Qg6 25. Ne1 hxg2 26. Nxg2 Nf3+ 0-1

[Event "Challenge"]
[Site "http://www.queenalice.com/game.php?id=1766639"]
[Date "2021.8.10"]
[Round "-"]
[White "paloberto"]
[Black "jpribeiro"]
[Result "0-1"]
[WhiteElo "2115"]
[BlackElo "2141"]

1. c4 c5 2. Nc3 Nf6 3. Nf3 Nc6 4. e4 e5 5. d3 Be7 6. Be2 O-O 7. O-O h6 8. Be3 d6
9. h3 Nd4 10. Qd2 Nxf3+ 11. Bxf3 Be6 12. Rab1 Kh7 13. b4 b6 14. bxc5 bxc5 15.
Rb7 Re8 16. Rfb1 Bc8 17. Rb8 Rxb8 18. Rxb8 Qc7 19. Qb2 Be6 20. Rb7 Qa5 21. Bd2
Bc8 22. Nd5 Qd8 23. Rxa7 Nxd5 24. Ba5 Nc7 25. Rxc7 Be6 26. Rxc5 Qa8 27. Rb5 Qa7
0-1

[Event "Challenge"]
[Site "http://www.queenalice.com/game.php?id=1768053"]
[Date "2021.8.27"]
[Round "-"]
[White "jpribeiro"]
[Black "paloberto"]
[Result "1-0"]
[WhiteElo "2120"]
[BlackElo "2127"]

1. e4 c5 2. Nf3 Nc6 3. d4 cxd4 4. Nxd4 e5 5. Nf3 Nf6 6. Nc3 Bb4 7. Bd2 O-O 8.
Bd3 Re8 9. a3 Bc5 10. b4 Bb6 11. O-O d5 12. Nxd5 Nxd5 13. exd5 Qxd5 14. Re1 Bg4
15. Be4 Qc4 16. Bd3 Qd5 17. Be4 Qd6 18. Bc3 Rad8 19. Qxd6 Rxd6 20. Bxc6 Rxc6 21.
Rxe5 Rxe5 22. Bxe5 1-0

[Event "Challenge"]
[Site "http://www.queenalice.com/game.php?id=1768054"]
[Date "2021.8.27"]
[Round "-"]
[White "paloberto"]
[Black "jpribeiro"]
[Result "1-0"]
[WhiteElo "2168"]
[BlackElo "1811"]

1. e4 e5 2. Nf3 Nf6 3. Nxe5 d6 4. Nf3 Nxe4 5. d4 d5 6. Bd3 Nc6 7. Qe2 f5 8. Nc3
Nb4 9. a3 Nxd3+ 10. cxd3 Qe7 11. dxe4 fxe4 12. Nxd5 exf3 13. Nxc7+ Kf7 14. Qxe7+
Bxe7 15. Nxa8 1-0

[Event "Challenge"]
[Site "http://www.queenalice.com/game.php?id=1770122"]
[Date "2021.9.17"]
[Round "-"]
[White "jpribeiro"]
[Black "paloberto"]
[Result "1-0"]
[WhiteElo "2103"]
[BlackElo "2140"]

1. e4 c5 2. Nf3 Nc6 3. d4 cxd4 4. Nxd4 e5 5. Nb5 d6 6. a3 Nf6 7. f3 a6 8. N5c3
Be7 9. Bc4 O-O 10. Be3 b5 11. Bb3 Bb7 12. O-O 1-0